000
00332 a2200157 4500
001
56592
020
_a
040
_c
Anchieta - Pituba
100
_a
Bandeira, Pedro
240
1
0
_a
Ameaça de 7 cabeças
_l
por
245
1
0
_a
Ameaça de 7 cabeças
300
_a
64
362
0
_a
1985
650
4
_a
Literatura juvenil
942
_c
BK
999
_c
56592
_d
56592